| 000 | 00400nam a22001337a 4500 | ||
|---|---|---|---|
| 008 | 230605b xxu||||| |||| 00| 0 eng d | ||
| 020 | _a9966767266 | ||
| 082 |
_a33070320 _bKEN |
||
| 245 |
_aEconomic Survey 2011 _cKenya National Bureau of Statistics |
||
| 260 |
_aNairobi _bKenya National Bureau of Statistics _c2011 |
||
| 300 | _a292 p | ||
| 710 | _bKenya National Bureau of Statistics | ||
| 942 |
_2ddc _cBK |
||
| 999 |
_c310 _d310 |
||